000 00470cam a22001934a 4500
005 20250605164326.0
008 250528s ||||||||||||||||||||||||d
035 _a23031
020 _a9780070504776
040 _aGR-AtMCL
_bgre
_dGR-AtMCL
_eAACR2
245 1 _aTHE PSYCHOLOGY OF JUDGMENT AND DECISION MAKING
250 _a1
260 _bMcgraw Hill,
_c1993
300 _a302
700 1 _aPlous Scott
_98608
942 _cBK
999 _c8072
_d8072